Score 0/16 Timer 03:00
3 Plays Today
Clue 5-Letter Word % Correct
A feather used as a penQUILL
96.5%
A patchwork blanketQUILT
96.1%
Regretful feeling, like Katniss had after not saving LaviniaGUILT
92%
A 'stopper' on a carBRAKE
87.5%
A word to describe Katniss' fearlessnessBRAVE
85.5%
Resting place for Katniss' father after the explosionGRAVE
83.1%
Soar like a paper airplaneGLIDE
81.4%
Effie Trinket served as this on their tourGUIDE
81.1%
Clue 5-Letter Word % Correct
Deceitful cunning, like that used by President SnowGUILE
80.9%
Shelton of 'The Voice'BLAKE
77.3%
A score or mark, like Katniss got in trainingGRADE
76.7%
To suppress or the name of the games every 25 yearsQUELL
74.9%
An open space in the trees, like where Rue was killedGLADE
74.7%
A serpentine dangerSNAKE
74.7%
The type of trap that Katniss makes to catch rabbitsSNARE
70.9%
Quench one's thirst, like Katniss did with the spileSLAKE
65.9%

Today's Daily Dose

Missing Word
'T' Pairs

Word Ladder
Game Pieces

Get the Picture
Baseball Movies

Remove Ads.
Support Sporcle.
Get the best of Sporcle when you Go Orange. This ad-free experience offers more features, more stats, and more fun while also helping to support Sporcle. Thank you for becoming a member.

You're not logged in!

Compare scores with friends on all Sporcle quizzes.
OR
Log In

Show Comments

Extras

Top Quizzes Today


Score Distribution

Your Account Isn't Verified!

In order to create a playlist on Sporcle, you need to verify the email address you used during registration. Go to your Sporcle Settings to finish the process.

Report this User

Report this user for behavior that violates our Community Guidelines.

Details: